RICE COOK BOOK (Record no. 11130)

MARC details
000 -LEADER
fixed length control field 00250nam a22000977a 4500
008 - FIXED-LENGTH DATA ELEMENTS--GENERAL INFORMATION
fixed length control field 180922b ||||| |||| 00| 0 eng d
020 ## - INTERNATIONAL STANDARD BOOK NUMBER
International Standard Book Number 819006066
100 ## - MAIN ENTRY--PERSONAL NAME
Personal name CHANDRA, SHARMILA
9 (RLIN) 6894
245 ## - TITLE STATEMENT
Title RICE COOK BOOK
260 ## - PUBLICATION, DISTRIBUTION, ETC. (IMPRINT)
Place of publication, distribution, etc. NEW DELHI
Name of publisher, distributor, etc. VALUE BOOKS
Date of publication, distribution, etc. 2003
Holdings
Withdrawn status Lost status Source of classification or shelving scheme Damaged status Koha normalized classification for sorting Not for loan Home library Current library Shelving location Date acquired Total Checkouts Full call number Barcode Date last seen Price effective from Koha item type
    Dewey Decimal Classification   CHA_641_000000000000000_C7   Good Samaritan School Library Good Samaritan School Library Home Science 09/22/2018   CHA641 C-7 CHA15108 09/22/2018 09/22/2018 BOOK

Powered by Koha